Dialog binatang dengan para nabi / (Record no. 2327)
[ view plain ]
| 000 -LEADER | |
|---|---|
| fixed length control field | nam a22 a 4500 |
| 003 - CONTROL NUMBER IDENTIFIER | |
| control field | AKMAL |
| 005 - DATE AND TIME OF LATEST TRANSACTION | |
| control field | 20170516095222.0 |
| 008 - FIXED-LENGTH DATA ELEMENTS--GENERAL INFORMATION | |
| fixed length control field | 170516s1998 my 00 may d |
| 020 ## - INTERNATIONAL STANDARD BOOK NUMBER | |
| International Standard Book Number | 9839045873 (kkt.) : |
| Terms of availability | RM 9.00 |
| 039 #9 - LEVEL OF BIBLIOGRAPHIC CONTROL AND CODING DETAIL [OBSOLETE] | |
| Level of rules in bibliographic description | 200609221710 |
| Level of effort used to assign nonsubject heading access points | hidayah |
| Level of effort used to assign subject headings | 200608221414 |
| Level of effort used to assign classification | hidayah |
| 040 ## - CATALOGING SOURCE | |
| Original cataloging agency | AKMAL |
| 082 04 - DEWEY DECIMAL CLASSIFICATION NUMBER | |
| Classification number | 398.20956 AHM |
| Edition number | 21 |
| 090 00 - LOCALLY ASSIGNED LC-TYPE CALL NUMBER (OCLC); LOCAL CALL NUMBER (RLIN) | |
| Classification number (OCLC) (R) ; Classification number, CALL (RLIN) (NR) | 398.20956 |
| Local cutter number (OCLC) ; Book number/undivided call number, CALL (RLIN) | AHM |
| 100 1# - MAIN ENTRY--PERSONAL NAME | |
| Personal name | Bahjat, Ahmad |
| 9 (RLIN) | 4857 |
| 245 10 - TITLE STATEMENT | |
| Title | Dialog binatang dengan para nabi / |
| Statement of responsibility, etc. | Ahmad Bahjat ; penterjemah: Rusli Haji Ibrahim |
| 260 ## - PUBLICATION, DISTRIBUTION, ETC. | |
| Place of publication, distribution, etc. | Kuala Lumpur : |
| Name of publisher, distributor, etc. | Jasmin Enterprise, |
| Date of publication, distribution, etc. | 1998 |
| 300 00 - PHYSICAL DESCRIPTION | |
| Extent | vi, 184ms. ; |
| Dimensions | 21cm. |
| 650 #0 - SUBJECT ADDED ENTRY--TOPICAL TERM | |
| Topical term or geographic name entry element | Islamic stories, Malay |
| 9 (RLIN) | 1556 |
| 650 #0 - SUBJECT ADDED ENTRY--TOPICAL TERM | |
| Topical term or geographic name entry element | Didactic fiction, Malay |
| 9 (RLIN) | 1932 |
| 700 0# - ADDED ENTRY--PERSONAL NAME | |
| Personal name | Rusli Hj. Ibrahim, |
| Relator term | tr. |
| 9 (RLIN) | 4858 |
| 942 ## - ADDED ENTRY ELEMENTS (KOHA) | |
| Source of classification or shelving scheme | |
| Koha item type | Book |
| Withdrawn status | Lost status | Source of classification or shelving scheme | Damaged status | Not for loan | Collection code | Home library | Current library | Shelving location | Date acquired | Inventory number | Total Checkouts | Full call number | Barcode | Date last seen | Price effective from | Koha item type |
|---|---|---|---|---|---|---|---|---|---|---|---|---|---|---|---|---|
| NON-FICTION | AKMAL Melaka | AKMAL Melaka | PINJAMAN | 16.05.2017 | 304255 | 398.20956 AHM | 201706630 | 16.05.2017 | 16.05.2017 | Book |
